000 00357nam a2200145Ia 4500
008 240624s9999 xx 000 0 und d
041 _aeng
082 _a332.6 BOD
100 _aBODIE ZVI
245 _aFOUNDATIONS OF PENSION FINANCE
260 _c2000
_aUnited Kingdom
_bEdward Elgar
300 _axxv, 511 p.; 24 cm.
365 _cBPS
_b38
440 _v1
999 _c29054
_d29054